Statistics for Largest Emigrant Populations

Click here to take the quiz!

General Stats

  • This quiz has been taken 79 times
  • The average score is 11 of 15

Answer Stats

Emigrant PopulationBirth Country% Correct
9,546,065China
93%
15,575,724India
93%
4,917,460United Kingdom
93%
10,576,766Russia
90%
5,935,193Pakistan
80%
12,339,062Mexico
79%
4,449,789Poland
77%
5,011,509Syria
77%
4,045,411Germany
75%
7,205,410Bangladesh
74%
5,316,320Philippines
69%
5,825,745Ukraine
69%
4,843,117Afghanistan
57%
4,738,852Colombia
41%
4,075,738Kazakhstan
28%

Score Distribution

Percentile by Number Answered

Percent of People with Each Score

Your Score History

You have not taken this quiz